Álbum poético español (Record no. 21699)

MARC details
000 -LEADER
campo de control de longitud fija 00995nam a2200181 i 4500
001 - NÚMERO DE CONTROL
campo de control 21699
003 - IDENTIFICADOR DE NÚMERO DE CONTROL
campo de control ES-MaACL
005 - FECHA Y HORA DE LA ÚLTIMA TRANSACCIÓN
campo de control 20230906152528.0
007 - CAMPO FIJO DE DESCRIPCIÓN FÍSICA--INFORMACIÓN GENERAL
campo de control de longitud fija t|
008 - DATOS DE LONGITUD FIJA--INFORMACIÓN GENERAL
campo de control de longitud fija 021127s1874 sp |||| | spa d
245 00 - MENCIÓN DEL TÍTULO
Título Álbum poético español
Resto del título : con composiciones inéditas de los señores : Marqués de Molins, Hartzenbuch, Calcaño, Bustillo, Arnao, Palomo, Grilo, Aguilera, Alarcón /
Mención de responsabilidad, etc. publícalo la empresa de la Ilustración Española y Americana, y de la Moda Galante Ilustrada, para obsequiar a sus suscriptores en el presente año.
246 30 - FORMA VARIANTE DEL TITULO
Título propio/Titulo breve Álbum poético español
Resto del título : Marqués de Molins, Hartzenbuch, Calcaño, Bustillo, Arnao, Palomo, Grilo, Aguilera, Alarcón
260 ## - PUBLICACIÓN, DISTRIBUCIÓN, ETC.
Lugar de publicación, distribución, etc. Madrid :
Nombre del editor, distribuidor, etc. A. de Carlos e Hijos, ed.,
Fecha de publicación, distribución, etc. 1874 (
Fabricante Imp., Estereotipia y Galvanoplastía de Aribau)
300 ## - DESCRIPCIÓN FÍSICA
Extensión XXXIII, 389 p. ;
Dimensiones 28 cm.
530 ## - NOTA DISPONIBLE DE FORMULARIO FÍSICO ADICIONAL
Nota de formato físico adicional disponible Disponible en formato digital.
852 ## - LOCALIZACIÓN
Ubicación ES-MaACL
Número de control de estantería B-4748
856 ## - LOCALIZACIÓN Y ACCESO ELECTRÓNICOS
Identificador Uniforme de Recursos <a href="http://www.archive.org/details/albumpoticoespa00unkngoog ">http://www.archive.org/details/albumpoticoespa00unkngoog </a>
Nota pública Ir a la página
Holdings
Estatus retirado Estado de pérdida Estado de daño No para préstamo Colección Biblioteca de origen Biblioteca actual Ubicación en estantería Fecha de adquisición Fuente de adquisición Total de préstamos Signatura topográfica completa Código de barras Visto por última vez Precio de reemplazo Tipo de ítem Koha
        Colección digital Biblioteca del Ateneo de Madrid Biblioteca del Ateneo de Madrid Sala Pardo Bazán 17/01/2008     B-4748 1022303 23/02/2023 23/02/2023 Libro impreso antiguo